[Event "BCF-ch U16"]
[Site "Torquay"]
[Date "2013.08.01"]
[Round "5.47"]
[White "Wang, Anna"]
[Black "Bommayya, Nishant"]
[Result "1/2-1/2"]
[WhiteElo "1834"]
[BlackElo "1810"]
[PlyCount "38"]
[EventDate "2013.07.29"]
[EventType "swiss"]
[EventRounds "7"]
[EventCountry "ENG"]
[SourceTitle "EXT 2023"]
[Source "ChessBase"]
[SourceDate "2022.10.05"]
[SourceVersion "1"]
[SourceVersionDate "2022.10.05"]
[SourceQuality "1"]

1. e4 c5 2. c3 d5 3. exd5 Qxd5 4. d4 Nf6 5. Nf3 Nc6 6. Na3 a6 7. Nc4 Bg4 8. Ne3 Qe4 9. Bd3 Bxf3 10. Bxe4 Bxd1 11. Bxc6+ bxc6 12. Nxd1 cxd4 13. cxd4 Rd8 14. Be3 e6 15. Rc1 Bb4+ 16. Ke2 Rc8 17. Rc4 Nd5 18. a3 Bd6 19. Rc2 Kd7 1/2-1/2

[Event "BCF-ch U16"]
[Site "Torquay"]
[Date "2013.07.30"]
[Round "3"]
[White "Mavinkurve, Anuj"]
[Black "Bommayya, Nishant"]
[Result "1/2-1/2"]
[WhiteElo "1687"]
[BlackElo "1810"]
[PlyCount "63"]
[EventDate "2013.07.29"]
[EventType "swiss"]
[EventRounds "7"]
[EventCountry "ENG"]
[SourceTitle "EXT 2023"]
[Source "ChessBase"]
[SourceDate "2022.10.05"]
[SourceVersion "1"]
[SourceVersionDate "2022.10.05"]
[SourceQuality "1"]

1. e4 c5 2. Nf3 d6 3. d4 cxd4 4. Nxd4 Nf6 5. Nc3 Nc6 6. Be2 e6 7. Be3 a6 8. 0-0 Be7 9. Qd2 0-0 10. Rad1 Qc7 11. h3 b5 12. Bf3 Bb7 13. a3 Ne5 14. Qe2 Nc4 15. Bc1 Nxa3 16. Qd3 Nc4 17. Rde1 Ne5 18. Qe3 Qc5 19. Nb3 Qxe3 20. Rxe3 Nxf3+ 21. gxf3 Rac8 22. Re2 d5 23. e5 Nd7 24. f4 Rc7 25. Be3 Rfc8 26. Rc1 Bb4 27. Na2 Be7 28. c3 Nc5 29. Na5 Nd7 30. Rd1 Bc5 31. Bxc5 Nxc5 32. Nb4 1/2-1/2

[Event "BCF-ch U16"]
[Site "Torquay"]
[Date "2013.07.29"]
[Round "1"]
[White "Strong, Zoe"]
[Black "Bommayya, Nishant"]
[Result "1/2-1/2"]
[WhiteElo "1522"]
[BlackElo "1810"]
[PlyCount "50"]
[EventDate "2013.07.29"]
[EventType "swiss"]
[EventRounds "7"]
[EventCountry "ENG"]
[SourceTitle "EXT 2023"]
[Source "ChessBase"]
[SourceDate "2022.10.05"]
[SourceVersion "1"]
[SourceVersionDate "2022.10.05"]
[SourceQuality "1"]

1. e4 c5 2. c3 d5 3. exd5 Qxd5 4. d4 Nf6 5. Nf3 e6 6. Be2 cxd4 7. cxd4 Nc6 8. 0-0 Be7 9. Nc3 Qd6 10. h3 0-0 11. Be3 Rd8 12. Qd2 a6 13. Rfd1 Nd5 14. Nxd5 Qxd5 15. a3 Bf6 16. Rac1 b5 17. b4 Be7 18. Rc3 Bb7 19. Rd3 Rac8 20. Bf1 Nb8 21. Bg5 Bxg5 22. Nxg5 h6 23. Nf3 Nd7 24. Ne5 Nf6 25. Qf4 Qe4 1/2-1/2